00657 2200217 4500001002100000005001700021008004100038035002400079082001100103090001800114100002000132245012300152260002900275300003000304650002700334650002900361850001500390980001300405985000600418999001500424YOGYA-0209000001475220090227022444.0 ind  0010-020900000014752 a342.92 a342.92bYam K aYAMIN, Muhammad aKonstitutuante Indonesia dalam gelanggang demokrasibyaitu penjelasan tentang dasar dan tujuan ..coleh Muhammad Yamin aJakartabDjambatanc1956 axii, 199 hlmbilusc20 cm aKonstituante Indonesia aIndonesia - Konstituante aYOPDYOG(B) a05-08-05 a1 aa000003362